|
|
|
|
| LEADER |
00784nam a2200205 i 4500 |
| 001 |
c000027322 |
| 003 |
CARM |
| 005 |
00000000000000.0 |
| 008 |
850329s1920 gw 0 eng d |
| 019 |
1 |
|
|a 9251506
|5 LACONCORD2021
|
| 035 |
|
|
|a (OCoLC)221300845
|5 LACONCORD2021
|
| 100 |
1 |
|
|a Paulsen, F.
|q (Friedrich),
|d 1846-1908.
|
| 245 |
1 |
0 |
|a Immanuel Kant :
|b sein Leben und seine Lehre /
|c von Friedrich Paulsen.
|
| 250 |
|
|
|a 6. Aufl.
|
| 260 |
|
|
|a Stuttgart :
|b Fr. Frommans,
|c 1920.
|
| 300 |
|
|
|a 390 p. :
|b illus.
|
| 600 |
1 |
0 |
|a Kant, Immanuel,
|d 1724-1804.
|
| 852 |
8 |
|
|b CARM
|h A2:AE07A0
|i B00398
|p 0022676
|f BK
|
| 999 |
f |
f |
|i a35aa180-b557-592a-9f90-b8922023a0d0
|s f0faa547-2f00-5bf5-a202-c0309bf9ae7b
|
| 952 |
f |
f |
|p Can circulate
|a CAVAL
|b CAVAL
|c CAVAL
|d CARM 1 Store
|e B00398
|f A2:AE07A0
|h Other scheme
|i book
|m 0022676
|